Italian Surnames - Sudden Death (I) - Statistics

General Stats
  • This quiz has been taken 20 times
  • The average score is 5 of 15
Answers on the Grid
Answers color-coded by a green-red scale on the quiz's grid according to % correct below.
Insinna
Ingrao
Ietti
Iotti
Isernia
Iaco
Izzo
Italia
Ini
Ivani
Iemme
Incorvaia
Ingrosso
Introini
Interdonato
Ito
Ian
Ise
Ion
Italian
Iddu
Islam
Iqbal
Intriago
Inthasone
Im
Ingold
Ingrid
Ismaeli
Interiano
 
Answer Stats
Answer % Correct
Izzo
54%
Iaco
46%
Ingrosso
46%
Ietti
38%
Incorvaia
38%
Introini
38%
Insinna
31%
Iotti
31%
Isernia
31%
Ingrao
23%
Interdonato
23%
Italia
23%
Ivani
23%
Iemme
8%
Ini
0%
No matching quizzes found
Score Distribution
Percent of People with Each Score
Percentile by Number Answered
Your Score History
You have not taken this quiz